| 000 | 00611nam a22002057a 4500 | ||
|---|---|---|---|
| 003 | OSt | ||
| 005 | 20140310182818.0 | ||
| 008 | 130302t xxu||||| |||| 00| 0 eng d | ||
| 020 | _a9780071279499 | ||
| 050 |
_aQA 276.12 _b.B658 2008 |
||
| 082 |
_aM 519.5 _bB658 2008 _24th ed. |
||
| 245 |
_aElementary statistics : _cBluman, Allan G. _ba step by step approach, a brief version / |
||
| 260 |
_aNew York : _bMcGraw-Hill Higher Education, _cc2008. |
||
| 300 |
_axxxiv, 660 p. _c26 cm. _bill. ; |
||
| 521 | _aCollege Students | ||
| 526 | _c1210L-1700L | ||
| 541 | _j1 | ||
| 562 | _e1 | ||
| 942 |
_2lcc _cBK _kM |
||
| 999 |
_c16314 _d16314 |
||